000 01122cam a2200337 a 4500
001 1599966
003 OSt
005 20140310181639.0
008 950419s1995 wiua b 001 0 eng
010 _a 94070334
020 _a0697152480
040 _aDLC
_cDLC
_dDLC
043 _an-us---
050 0 0 _aGV 443
_b.K58 1995
082 0 0 _aTR 372
_bK633 1995
100 1 _aKirchner, Glenn.
_9259
245 1 0 _aPhysical education for elementary school children /
_cGlenn Kirchner, Graham J. Fishburne.
250 _a9th ed.
260 _aMadison, Wis. :
_bBrown & Benchmark,
_cc1995.
300 _axv, 620 p. :
_bill. ;
_c29 cm.
500 _aIncludes index.
521 _aFaculty
541 _j1
562 _eFor circulation. One copy is available in the collection.
650 0 _aPhysical education for children.
_9260
650 0 _aPhysical education for children
_xCurricula
_zUnited States.
_9261
700 1 _aFishburne, Graham J.
_9262
906 _a7
_bcbc
_corignew
_d2
_eopcn
_f19
_gy-gencatlg
942 _2lcc
_cBK-TR
_kTR
999 _c762
_d762